000 00756nam a2200289Ia 4500
005 20260324133346.0
008 008 260324s9999 xx 000 0 eng d
020 _a9781003547891
037 _aEBOOK
040 _aCRL
040 _beng
040 _cCRL
041 _2eng
041 _aeng
084 _qCRL
100 _aWarren J. Samuels; Steven G. Medema; Marianne Johnson
_91192797
245 4 _aThe Foundations of the American Economy Vol 1
245 4 _bThe American Colonies from Inception to Independence
260 _bTaylor and Francis
260 _c2003
365 _a
365 _b255
856 _uhttp://www.taylorfrancis.com/books/9781003547891
942 _cEBOOK
999 _c1791748
_d1791748